Study on the effficacy of botanicals and some selected pesticides on pest complex of chili (capsicum frutescens) (Record no. 8706)

MARC details
000 -LEADER
fixed length control field 01065nam a22002657a 4500
001 - CONTROL NUMBER
control field BD-DhSAU 8706
003 - CONTROL NUMBER IDENTIFIER
control field BD-DhSAU
005 - DATE AND TIME OF LATEST TRANSACTION
control field 20181213115108.0
008 - FIXED-LENGTH DATA ELEMENTS--GENERAL INFORMATION
fixed length control field 150613b2008 bg a||||r|||| 000 0 eng d
040 ## - CATALOGING SOURCE
Original cataloging agency BD-DhSAU
082 ## - DEWEY DECIMAL CLASSIFICATION NUMBER
Edition number 22
Classification number 595.7
Item number M2967
100 ## - MAIN ENTRY--PERSONAL NAME
Personal name Mallik, MD. Badal
Relator term Registration No. # 07-02607
245 ## - TITLE STATEMENT
Title Study on the effficacy of botanicals and some selected pesticides on pest complex of chili (capsicum frutescens)
Remainder of title MS thesis
Statement of responsibility, etc. by Md. Badal Mallik
260 ## - PUBLICATION, DISTRIBUTION, ETC. (IMPRINT)
Place of publication, distribution, etc. Sher-e- Bangla Agricultural University :
Name of publisher, distributor, etc. Department of Entomology,
Date of publication, distribution, etc. 2008.
300 ## - PHYSICAL DESCRIPTION
Extent xii, 77 p. :
Other physical details ill. ;
Dimensions 30 cm.
500 ## - GENERAL NOTE
General note MS thesis of Department of Entomology, Faculty of Agriculture, Sher-e-Bangla Agricultural University, Dhaka, Bangladesh <br/>
590 ## - Name of Cataloguer
Name of Cataloger joy
650 ## - SUBJECT ADDED ENTRY--TOPICAL TERM
Topical term or geographic name as entry element Entomology.
650 ## - SUBJECT ADDED ENTRY--TOPICAL TERM
Topical term or geographic name as entry element Chili
650 ## - SUBJECT ADDED ENTRY--TOPICAL TERM
Topical term or geographic name as entry element Capsicum frutescens
700 ## - ADDED ENTRY--PERSONAL NAME
Personal name Rahman, Md. Mizanur
Relator term Supervisor
700 ## - ADDED ENTRY--PERSONAL NAME
Personal name Begum, Jahanara
Relator term Co-Supervisor
856 ## - ELECTRONIC LOCATION AND ACCESS
Uniform Resource Identifier <a href="http://archive.saulibrary.edu.bd:8080/xmlui/handle/123456789/1225">http://archive.saulibrary.edu.bd:8080/xmlui/handle/123456789/1225</a>
942 ## - ADDED ENTRY ELEMENTS (KOHA)
Source of classification or shelving scheme Dewey Decimal Classification
Koha item type MS Level Thesis
Holdings
Withdrawn status Lost status Source of classification or shelving scheme Damaged status Not for loan Collection code Home library Branch Name Shelving location Date acquired Total Checkouts Full call number Barcode Date last seen Price effective from Koha item type
    Dewey Decimal Classification   Not For Loan Reference SAU Library SAU Library Reference 13/06/2015   595.7 M2967 38830 13/06/2015 13/06/2015 MS Level Thesis